Geographies of Muslim identities (Record no. 123676)
[ view plain ]
| 000 -LEADER | |
|---|---|
| fixed length control field | 02869nam a2200421 a 4500 |
| 082 04 - DEWEY DECIMAL CLASSIFICATION NUMBER | |
| Classification number | 305.6/97 |
| 245 00 - TITLE STATEMENT | |
| Title | Geographies of Muslim identities |
| 260 ## - PUBLICATION, DISTRIBUTION, ETC. (IMPRINT) | |
| Place of publication | Aldershot, England ; |
| -- | Burlington, VT : |
| Name of publisher | Ashgate, |
| Year of publication | 2007. |
| 300 ## - PHYSICAL DESCRIPTION | |
| Number of Pages | x, 208 p. : |
| Other physical details | ill. |
| 490 1# - SERIES STATEMENT | |
| Series statement | Re-materialising cultural geography |
| 505 0# - FORMATTED CONTENTS NOTE | |
| Formatted contents note | Ch. 1. Introduction : geographies of Muslim identities / Peter E. Hopkins, Mei-Po Kwan and Cara Carmichael Aitchison -- Ch. 2. Beyond the mosque : Turkish immigrants and the practice and politics of islam in Duisburg-Marxloh, Germany / Patricia Ehrkamp -- Ch. 3. Visible minorities : constructing and deconstructing the 'Muslim Iranian' diaspora / Cameron McAuliffe -- Ch. 4. The other within the same : some aspects of Scottish-Pakistani identity in suburban Glasgow / Sadiq Mir -- Ch. 5. Migration and the construction of Muslim women's identity in Northern Ireland / Gabriele Marranci -- Ch. 6. Reconstructing 'Muslimness' : new bodies in urban Indonesia / Sonja van Wichelen -- Ch. 7. Safe and risky spaces : gender, ethnicity and culture in the leisure lives of young South Asian women / Eileen Green and Carrie Singleton -- Ch. 8. Daughters of Islam, sisters in sport / Tess Kay -- Ch. 9. Cultural Muslims : the evolution of Muslim identity in Soviet and post-Soviet Central Asia / William C. Rowe -- Ch. 10. Islam and national development : a cross-cultural comparison of the role of religion in the process of economic development and cultural change / Samuel Zalanga -- Ch. 11. Young Muslim men's experiences of local landscapes after 11 September 2001 -- Peter E. Hopkins. |
| 650 #0 - SUBJECT ADDED ENTRY--TOPICAL TERM | |
| Topical Term | Muslims |
| Topical Term | Ethnicity. |
| Topical Term | Islamophobia. |
| Topical Term | Women in Islam. |
| 700 1# - ADDED ENTRY--PERSONAL NAME | |
| Personal name | Aitchison, Cara. |
| Personal name | Hopkins, Peter |
| Personal name | Kwan, Mei-po. |
| 856 40 - ELECTRONIC LOCATION AND ACCESS | |
| Uniform Resource Identifier | http://site.ebrary.com/lib/rucke/Doc?id=10209144 |
No items available.
